Statistiques concernant Top 15 des pays avec les décès de Covid-19 - 1 juin

Cliquez ici pour prendre le quiz!

Statistiques générales

  • Ce quiz a été pris 26 fois
  • Le résultat moyen est 15 sur 20

Statistiques - réponses

pays% Correct
Italie
96%
Espagne
92%
Etats-Unis
92%
France
92%
Allemagne
88%
Royaume-Uni
88%
Brésil
83%
Portugal
83%
Suisse
83%
Belgique
75%
Canada
71%
Inde
67%
Mexique
67%
Pays-Bas
67%
Russie
63%
Suède
63%
Irlande
54%
Pérou
54%
Iran
42%
Équateur
33%

Distribution des résultats

Percentile par nombre de réponses

% des personnes avec chaque résultat

Votre développement - résultats

Vous n’avez pas pris ce quiz